[Event "Shavuot Masters"]
[Site "Tel Aviv"]
[Date "1997.06.11"]
[Round "2"]
[White "Rabinovich, Alexander"]
[Black "Royz, Michael"]
[Result "0-1"]
[WhiteElo "2350"]
[BlackElo "2175"]

1.d4 Nf6 2.Bg5 d5 3.Nd2 Nbd7 4.e3 e6 5.f4 c5 6.c3 Qb6 7.Bd3 Qxb2 8.Ne2 Ng4
9.f5 h6 10.Rb1 Qa3 11.Bf4 e5 12.dxe5 Ngxe5 13.Bb5 a6 14.Bxd7+ Nxd7 15.e4 Nf6
16.exd5 Qxa2 17.c4 Be7 18.O-O O-O 19.Bc7 Nxd5 20.Nc1 Qxb1 21.Nxb1 Nxc7 22.Nc3 b5
23.Qf3 Bf6 24.cxb5 Rb8 25.Ne4 Bd4+ 26.Kh1 Bb7 27.bxa6 Bxa6 28.Rd1 Rfe8 29.f6 g6
30.Qf4 Nd5 31.Qh4 Rb6 32.h3 Ne3 33.Re1 Nf5 34.Qg4 Rbe6 35.Kh2 h5 36.Qf3 Bb7
37.g4 Nh4 38.Qb3 Bxe4 39.Nd3 Nf3+ 40.Kg3 h4+  0-1

[Event "Wch U20"]
[Site "Zagan"]
[Date "1997.07.14"]
[Round "1"]
[White "Schneider, Stefan"]
[Black "Gyimesi, Zoltan"]
[Result "0-1"]
[WhiteElo "2305"]
[BlackElo "2525"]

1.d4 Nf6 2.Bg5 d5 3.e3 c5 4.Bxf6 gxf6 5.c3 Nc6 6.Nf3 e5 7.Be2 Be6 8.O-O Qc7
9.Nbd2 O-O-O 10.Qc2 Bd6 11.dxc5 Bxc5 12.e4 Kb8 13.Rad1 Bb6 14.Qb1 dxe4 15.Nxe4 f5
16.Ng3 e4 17.Ng5 Rdg8 18.Nxe6 fxe6 19.Nh5 Qe5 20.Rde1 Rg5 21.Kh1 f4 22.Bf3 exf3
23.Rxe5 fxg2+ 24.Kg1 Nxe5 25.Qe4 gxf1=B+ 26.Kxf1 Rxh5 27.h4 f3 28.Qf4 Rd8  0-1

[Event "IRL-ch"]
[Site "Dublin"]
[Date "1997.07.20"]
[Round "9"]
[White "Clarke, Thomas"]
[Black "Cafolla, Peter"]
[Result "1/2-1/2"]
[WhiteElo "2210"]
[BlackElo "2070"]

1.d4 Nf6 2.Bg5 g6 3.f3 Bg7 4.e4 d6 5.Qd2 Nbd7 6.Nc3 O-O 7.h4 h5 8.O-O-O c5
9.dxc5 Nxc5 10.e5 Nh7 11.Be3 Ne6 12.exd6 exd6 13.Bh6 Be5 14.Nd5 Re8 15.f4 Bh8
16.f5 Nc5  1/2-1/2

[Event "Wch U20"]
[Site "Zagan"]
[Date "1997.07.23"]
[Round "9"]
[White "Dantas, Carlos"]
[Black "Morrison, Graham"]
[Result "1-0"]
[WhiteElo "2200"]
[BlackElo "2325"]

1.d4 Nf6 2.Bg5 c5 3.Bxf6 gxf6 4.c3 cxd4 5.cxd4 f5 6.e3 Bg7 7.Nf3 d6 8.Bc4 e6
9.Nc3 Nd7 10.Rc1 a6 11.a4 O-O 12.h4 Nf6 13.Rg1 Bd7 14.Qb3 Rc8 15.Bd3 Bc6
16.Qd1 Qa5 17.Nd2 Ne4 18.Bxe4 fxe4 19.Rb1 f5 20.b4 Qd8 21.g3 Be8 22.Qb3 Bf7
23.b5 d5 24.Ne2 e5 25.b6 exd4 26.Nxd4 Bxd4 27.exd4 Rc6 28.Nf1 Qf6 29.Ne3 Rfc8
30.Qb4 Kh8 31.a5 Bh5 32.Qd2 Qh6 33.Nd1 Qxd2+ 34.Kxd2 Rc2+ 35.Ke3 Bxd1 36.Rbxd1 R8c3+
37.Kf4 Rxf2+ 38.Ke5 e3 39.Rc1 Rxc1 40.Rxc1 e2 41.Kf6  1-0

[Event "Komercni Banka op"]
[Site "Pardubice"]
[Date "1997.07.25"]
[Round "9"]
[White "Kuporosov, Viktor"]
[Black "Meduna, Eduard"]
[Result "1-0"]
[WhiteElo "2495"]
[BlackElo "2455"]

1.d4 Nf6 2.Bg5 d5 3.Bxf6 gxf6 4.e3 c5 5.Nc3 cxd4 6.Qxd4 e6 7.Nf3 Nc6 8.Qd2 f5
9.Nb5 a6 10.Nbd4 Qb6 11.c3 Bg7 12.Bd3 Bd7 13.h3 h5 14.g3 Bf6 15.O-O-O O-O-O
16.h4 Kb8 17.Kb1 Na5 18.Ng5 e5 19.Nc2 Be6 20.f4 Nc4 21.Bxc4 dxc4 22.Qf2 Rd3
23.fxe5 Bxe5 24.Nd4 Rc8 25.Ka1 Rc5 26.Ngxe6 fxe6 27.Rxd3 cxd3 28.Rd1 Qd6
29.Qf3 Ra5 30.Rxd3 Bxg3 31.e4 Bxh4 32.Nb3 fxe4 33.Rxd6 exf3 34.Nxa5 Be1 35.Rxe6 f2
36.Rf6 h4 37.Nc4 h3 38.Ne3 Bd2 39.Nf1  1-0

[Event "Credis"]
[Site "Biel"]
[Date "1997.07.27"]
[Round "6"]
[White "Gallagher, Joseph G"]
[Black "Jenni, Florian"]
[Result "1/2-1/2"]
[WhiteElo "2525"]
[BlackElo "2260"]

1.d4 Nf6 2.Bg5 g6 3.Bxf6 exf6 4.e3 f5 5.c4 Bg7 6.Nc3 d6 7.g3 Nd7 8.Bg2 O-O
9.Nge2 Nf6 10.O-O Re8 11.Qc2 h5 12.b4 h4 13.Rfe1 hxg3 14.hxg3 Ng4 15.Nf4 c6
16.Qd3 Nf6 17.Rad1 Qc7 18.d5 c5 19.Nb5 Qb6 20.bxc5 Qxc5 21.Qd4 Qxd4 22.exd4 Bf8
23.Ne6 Bxe6 24.dxe6 Rxe6 25.Bxb7 Rb8 26.Bf3 Rxe1+ 27.Rxe1 a6 28.Nc3 Rc8 29.Nd5 Ne4
30.Rc1 Ng5 31.Be2 Ne6 32.Rd1 Rb8 33.Rd2 Bg7 34.Ne7+ Kf8 35.Nc6 Rb1+ 36.Kg2 Bf6
37.c5 dxc5 38.d5 Nd4 39.Bxa6 Rb6 40.Bc4 Nxc6 41.dxc6 Rxc6 42.a4 Rb6 43.Rd7 Be7
44.Bb5 Rb8 45.Kf3 Rc8 46.Bc4 Ra8 47.Bb5 Rc8 48.Rd3 c4 49.Rc3 Bb4 50.Rxc4 Rxc4
51.Bxc4 Ke7 52.Ke2 f6 53.Bg8 Kd6 54.Bh7 g5 55.Bxf5 Kc5 56.Ke3 Kb6 57.g4  1/2-1/2

[Event "AUT-ch (Women)"]
[Site "Gallspach"]
[Date "1997.07.29"]
[Round "2"]
[White "Kirchmayr, Elisabeth"]
[Black "Horvath, Maria"]
[Result "0-1"]
[WhiteElo "1819"]
[BlackElo "2070"]

1.d4 d5 2.Bg5 Nf6 3.Bxf6 exf6 4.e3 c6 5.Nd2 a6 6.Bd3 Be7 7.Ngf3 O-O 8.c3 Re8
9.O-O Nd7 10.Qc2 g6 11.b3 Bf8 12.c4 dxc4 13.Nxc4 c5 14.Rad1 cxd4 15.exd4 b5
16.Ncd2 f5 17.Qc6 Rb8 18.Rfe1 Rxe1+ 19.Rxe1 Bb7 20.Qc2 Nf6 21.Qb2 Nd5 22.a3 Nf4
23.Bf1 Qd5 24.Re5 Qd6 25.b4 Bg7 26.Rc5 Ne6 27.Rc2 Nxd4 28.Nxd4 Bxd4 29.Qb3 Be5
30.g3 f4 31.Nf3 fxg3 32.hxg3 Bg7 33.Rd2 Qf6 34.Bg2 Re8 35.Rd1 Bc8 36.Qd5 h6
37.Kh2 Qc3 38.Qd3 Qc7 39.Qd6 Qc3 40.Qd3 Qb2 41.Rd2 Qf6 42.Qd5 Bf8 43.Rc2 Rd8
44.Qc5 Bg7 45.Qc7 Be6 46.Re2 Rd3 47.Ne5 Rxa3 48.Nc6 Qg5 49.Ne7+ Kh7 50.Rxe6 fxe6
51.Qd8 h5 52.Qg8+ Kh6 53.Qxe6 Qg4 54.Qf7 Qg5 55.Be4 h4 56.Bf3 hxg3+ 57.fxg3 Rxf3
58.Qxf3 Qxe7 59.Qf4+ Kh7  0-1

[Event "BCF-ch"]
[Site "Hove"]
[Date "1997.08.04"]
[Round "1"]
[White "Vigus, James"]
[Black "Conquest, Stuart"]
[Result "0-1"]
[WhiteElo "2255"]
[BlackElo "2500"]

1.d4 Nf6 2.Bg5 c5 3.Bxf6 gxf6 4.d5 f5 5.e3 d6 6.Nh3 Nd7 7.a4 h5 8.Na3 h4
9.Nf4 a6 10.Nc4 b6 11.Be2 Ne5 12.Qd2 Rg8 13.Ra3 Bg7 14.Rb3 b5 15.axb5 axb5
16.Nxe5 Ra1+ 17.Bd1 dxe5 18.Nh5 b4 19.Nxg7+ Rxg7 20.f4 Bb7 21.e4 fxe4 22.fxe5 Qxd5
23.Qxd5 Bxd5 24.Rh3 Rxg2 25.Rxh4 e3  0-1

[Event "BCF-ch"]
[Site "Hove"]
[Date "1997.08.05"]
[Round "2"]
[White "McDonald, Neil R"]
[Black "Cooper, Andrew"]
[Result "1-0"]
[WhiteElo "2490"]
[BlackElo "2135"]

1.d4 Nf6 2.Bg5 g6 3.Bxf6 exf6 4.c4 d6 5.Nc3 f5 6.g3 Bg7 7.Bg2 O-O 8.e3 Re8
9.Nge2 Nd7 10.O-O Nf6 11.Qc2 c6 12.b4 Rb8 13.a4 Be6 14.Qd3 a5 15.b5 c5 16.Nf4 Qc7
17.Rac1 Rec8 18.Ncd5 Qd8 19.Rfd1 Bxd5 20.Nxd5 Nxd5 21.Bxd5 b6 22.Rc2 Qe7
23.Re2 Rd8 24.e4 Bxd4 25.exf5 Qf6 26.fxg6 hxg6 27.Rde1 Kg7 28.Kg2 Bc3 29.Rc1 Bd4
30.Bc6 Rbc8 31.Qe4 Rc7 32.Rce1 Bc3 33.Rd1 Bd4 34.Rd3 Qe5 35.Qg4 Qh5 36.Rxd4 cxd4
37.Qxd4+ Kh7 38.Re4 g5 39.h4 f5 40.Re1 g4 41.Qxb6 Qf7 42.Bd5 Qg7 43.Qe3 Rdd7
44.Qf4  1-0

[Event "MK Cafe op-A"]
[Site "Koszalin"]
[Date "1997.08.10"]
[Round "9"]
[White "Myc, Marcin"]
[Black "Murawski, Grzegorz"]
[Result "0-1"]
[WhiteElo "2350"]
[BlackElo "2275"]

1.d4 Nf6 2.Bg5 d5 3.Nf3 g6 4.Bxf6 exf6 5.e3 Bd6 6.c4 c6 7.cxd5 cxd5 8.Nc3 Be6
9.Qb3 Nd7 10.Nd2 O-O 11.Qxb7 Rb8 12.Qxa7 Rxb2 13.Rb1 Rc2 14.Nb5 Bb8 15.Qa4 Qc8
16.Bd3 Bf5 17.Bxc2 Bxc2 18.Qb4 Bxb1 19.Qxb1 Qa6 20.O-O Rc8 21.Qb3 Qa5 22.Nb1 Nb6
23.N1c3 Nc4 24.Rd1 Qd8 25.a4 f5 26.g3 h5 27.Ra1 h4 28.a5 hxg3 29.hxg3 Qg5
30.Ne2 Kg7 31.Kg2 Rh8 32.Ng1 Qh5 33.Qd3 Qh2+ 34.Kf1 Bxg3 35.Ra2 f4 36.Nf3 Qh1+
37.Ke2 Bxf2 38.Kxf2 fxe3+ 39.Kg3 Rh3+  0-1

[Event "Schwarzach op-A"]
[Site "Schwarzach"]
[Date "1997.08.26"]
[Round "4.9"]
[White "Brumen, Dinko"]
[Black "Ljubic, Juro"]
[Result "1/2-1/2"]
[WhiteElo "2365"]
[BlackElo "2175"]

1.d4 Nf6 2.Bg5 d5 3.Bxf6 exf6 4.e3 Bd6 5.g3 c6 6.Bg2 Qe7 7.Ne2 Bg4 8.Nd2 Nd7
9.O-O O-O 10.c4 Be6 11.cxd5 cxd5 12.Nc3 Nb6 13.Qb3 Bb4 14.a3 Ba5 15.Qb5 Bxc3
16.bxc3 Rac8 17.Rfc1 f5 18.a4 Rfd8 19.a5 Nc4 20.Nxc4 Rxc4 21.Rab1 Rd7 22.Bf1 Rc8
23.Rb3 Rdc7 24.Qe2 Qd8 25.Qb2 Re7 26.Qa3 h6 27.Rcb1 Rcc7 28.Rb5 Kh7 29.Qb2 Red7
30.Bg2 Qc8 31.Rc1 Rc4 32.Bf1 Rcc7 33.Bd3 g6 34.Rb3 Kg7 35.h4 Kh7 36.Qe2 Qd8
37.Rb5 Rd6 38.Qb2 Qc8 39.Qa3 Rdd7 40.Bf1 Kg7 41.Rb2 Qf8 42.Qa1 Kh7 43.Rbc2 Qc8
44.Qa3 Qd8 45.Bb5 Re7 46.Rd2 Rc8 47.Bf1 Rec7 48.Bg2 Qd7 49.Bf1 Qe7 50.Qb3 Qd6
51.Rb2 g5 52.hxg5 hxg5 53.Qb4 Qd8 54.Bd3 Kg7 55.f4 gxf4 56.exf4 Qf6 57.Rh2 Rh8
58.Rxh8 Kxh8 59.Qf8+ Kh7 60.Kf2 Qh6 61.Qxh6+ Kxh6 62.Ke3 Kg7 63.Kd2 Kf6 64.Rh1 Rc8
65.Rb1 Rc7 66.Rb3 Ke7 67.Ke3 Kd6 68.Kd2 Re7 69.Rb1 Rc7 70.Rh1 Rc8 71.Rh7 Rg8
72.Rh3 b6 73.a6 Kc6 74.Rh6 Rg6 75.Rh8 Rxg3 76.Ra8 Rg2+ 77.Be2 Rg1 78.Rxa7 Ra1
79.Ra8 Ra2+ 80.Ke3 Ra3 81.Kd2 Kc7 82.Ra7+  1/2-1/2

[Event "Schwarzach op-A"]
[Site "Schwarzach"]
[Date "1997.08.31"]
[Round "9.15"]
[White "Brunnsteiner, Mario"]
[Black "Martin, Andreas"]
[Result "0-1"]
[WhiteElo "2030"]
[BlackElo "2215"]

1.d4 Nf6 2.Bg5 d5 3.Bxf6 gxf6 4.e3 c6 5.c3 Bf5 6.Bd3 Bg6 7.Ne2 Nd7 8.Bxg6 hxg6
9.Qb3 Qc7 10.h3 e5 11.Nd2 Bh6 12.O-O-O a5 13.Kb1 a4 14.Qc2 a3 15.b3 exd4
16.exd4 c5 17.h4 f5 18.h5 Nf6 19.hxg6 fxg6 20.dxc5 Qxc5 21.Nf4 Kf7 22.Nd3 Qc7
23.Nf3 Ne4 24.Nde5+ Kf6 25.c4 Bf4 26.Rxh8 Rxh8 27.Nd3 Bd6 28.Rc1 dxc4 29.Qxc4 Qxc4
30.Rxc4 Rh1+ 31.Rc1 Nc3+ 32.Kc2 Rxc1+ 33.Nxc1 Ne4 34.Nd3 Ke6 35.Nd4+ Kd5
36.Ne2 g5 37.f3 Nf6 38.Nc3+ Ke6 39.Nc1 Bb4 40.N3e2 Nd5 41.g3 Ne3+ 42.Kd3 Nf1
43.Nd4+ Kf6 44.Nce2 g4 45.fxg4 fxg4 46.Nc2 Bd6 47.Ke4 Kg5 48.b4 Nxg3+ 49.Nxg3 Bxg3
50.Nxa3 Kh4 51.Nc4 Bf2 52.Ne5 g3 53.a4 g2 54.b5 b6  0-1

[Event "EU-ch U20"]
[Site "Tallinn"]
[Date "1997.09.10"]
[Round "1"]
[White "Dumitrescu, Dragos"]
[Black "Menkinovski, Riste"]
[Result "1/2-1/2"]
[WhiteElo "2410"]
[BlackElo "2195"]

1.d4 Nf6 2.Bg5 d5 3.Bxf6 exf6 4.e3 b6 5.Bd3 Bb7 6.Nf3 g6 7.Nc3 Bg7 8.O-O O-O
9.a4 a5 10.e4 dxe4 11.Bxe4 Bxe4 12.Nxe4 Nc6 13.c3 Qd5 14.Re1 Rfe8 15.Qc2 Re7
16.Ned2 Rae8 17.Rxe7 Rxe7 18.Re1 Rxe1+ 19.Nxe1 Qe6 20.Ndf3 Bf8 21.h3 Bd6
22.Qd3 Ne7 23.c4 f5 24.b3 f6 25.c5 bxc5 26.dxc5 Bxc5 27.Qd8+ Kg7 28.Qxc7 Qb6
29.Qxb6 Bxb6 30.Nd3 Nc6 31.Nd2  1/2-1/2

[Event "EU-ch U20"]
[Site "Tallinn"]
[Date "1997.09.12"]
[Round "3"]
[White "Dumitrescu, Dragos"]
[Black "Shishkov, Andrei"]
[Result "1-0"]
[WhiteElo "2410"]
[BlackElo "2230"]

1.d4 Nf6 2.Bg5 c5 3.Bxf6 gxf6 4.d5 Qb6 5.Qc1 f5 6.g3 Bg7 7.c3 Na6 8.Nd2 Nc7
9.Bg2 e6 10.Nc4 Qa6 11.Qf4 O-O 12.Ne3 Nb5 13.Qc4 Rb8 14.Qxc5 d6 15.Qb4 Bd7
16.Nh3 Rfc8 17.O-O e5 18.Qh4 Qb6 19.Qh5  1-0

[Event "AUT-chT3 9798"]
[Site "Vorarlberg "]
[Date "1997.09.26"]
[Round "1"]
[White "Heinritz, Dietmar"]
[Black "Burschowsky, Matthias"]
[Result "1/2-1/2"]
[WhiteElo "1790"]
[BlackElo "1918"]

1.d4 Nf6 2.Bg5 g6 3.Bxf6 exf6 4.e3 Bg7 5.Bd3 O-O 6.Ne2 d5 7.b4 Re8 8.Nd2 Bg4
9.h3 Bxe2 10.Bxe2 f5 11.Nb3 f4 12.exf4 Qe7 13.Qd2 Nc6 14.c3 a5 15.bxa5 Nxa5
16.Nxa5 Rxa5 17.Rc1 Ra6 18.Rc2 Re6 19.g3 Qa3 20.Qd3 c5 21.O-O cxd4 22.cxd4 Qxd3
23.Bxd3 Bxd4 24.Bb5 Rd8 25.Rd1 Bb6 26.a4 Kg7 27.Ra2 Ba5 28.Ra3 Kf6 29.Rad3 Red6
30.Kg2 d4 31.Rc1 Bc3 32.Rc2 Ke7 33.Kf3 f5 34.Re2+ Re6 35.Rxe6+ Kxe6 36.g4 Kd5
37.Rd1 Kc5 38.Bd3  1/2-1/2

[Event "ESP-ch"]
[Site "Torrevieja"]
[Date "1997.09.30"]
[Round "2"]
[White "Romero Holmes, Alfonso"]
[Black "Reinaldo Castineira, Roi"]
[Result "1-0"]
[WhiteElo "2465"]
[BlackElo "2265"]

1.d4 Nf6 2.Bg5 c5 3.Bxf6 gxf6 4.d5 Qb6 5.Qc1 Bg7 6.c4 f5 7.Nc3 d6 8.e3 Nd7
9.Qc2 Nf6 10.Bd3 Ne4 11.Nge2 Nxc3 12.bxc3 e6 13.O-O Qd8 14.dxe6 fxe6 15.e4 O-O
16.exf5 exf5 17.Nf4 Qg5 18.Nd5 f4 19.Bxh7+ Kh8 20.f3 Be5 21.Rf2 Kg7 22.Be4 Rh8
23.Qd2 Qh4 24.h3 Qg3 25.Kf1 Be6 26.Ke2 Rae8 27.Rb1 b6 28.Kd3 Bxd5 29.Bxd5 Bf6
30.Re2 Qg5 31.Rbe1 Re5 32.Rxe5 Bxe5 33.Kc2 Kf6 34.Be4 Qg8 35.Bd3 Qe8 36.Kb1 Qa4
37.g3 Qa3 38.Rc1 Kf7 39.gxf4 Bf6 40.Be4 Rxh3 41.Qd5+ Ke7 42.Qb7+ Ke8  1-0

[Event "Budapest FS10 IM-A"]
[Site "Budapest"]
[Date "1997.10.06"]
[Round "2"]
[White "Gorbatow, Alexej"]
[Black "Mikhalevski, Alexander"]
[Result "1-0"]
[WhiteElo "2420"]
[BlackElo "2470"]

1.d4 d5 2.Bg5 Nf6 3.Nd2 Nbd7 4.Ngf3 c5 5.e3 e6 6.c3 Qc7 7.Bd3 b6 8.O-O Bb7
9.Bxf6 Nxf6 10.Ne5 Bd6 11.Bb5+ Ke7 12.f4 a6 13.Bd3 b5 14.Rc1 Ne4 15.Bxe4 dxe4
16.Qh5 Raf8 17.b4 c4 18.a4 f6 19.axb5 axb5 20.Ng4 Qd7 21.Ra1 Qe8 22.Qh4 Kd7
23.Ra7 Kc8 24.Rfa1 Bb8 25.Rxb7 Kxb7 26.Nxe4 Kc8 27.Nc5 Rf7 28.Ra6 h5 29.Rxe6 Re7
30.Rxe7 Qxe7 31.Ne5 Re8 32.Qh3+ Kc7 33.Qf3 Rc8 34.Qc6+ Kd8 35.Ne6+ Qxe6 36.Qxe6 fxe5
37.fxe5  1-0

[Event "Budapest FS10 IM-A"]
[Site "Budapest"]
[Date "1997.10.10"]
[Round "6"]
[White "Gorbatow, Alexej"]
[Black "Vadasz, Laszlo"]
[Result "1-0"]
[WhiteElo "2420"]
[BlackElo "2320"]

1.d4 Nf6 2.Bg5 c5 3.d5 e5 4.dxe6 fxe6 5.c4 Be7 6.Nc3 O-O 7.e3 b6 8.Be2 Bb7
9.Bf3 Nc6 10.Nge2 d6 11.Nf4 Qd7 12.Qd2 Nd8 13.Bxb7 Nxb7 14.Rd1 a6 15.Qe2 h6
16.Bxf6 Bxf6 17.Ne4 Rad8 18.Qg4 Rde8 19.O-O Rf7 20.Rd2 Qc6 21.Qg6 b5 22.b3 bxc4
23.bxc4 Qa4 24.Nh5 Bd8 25.Rxd6  1-0

[Event "AUT-chT 9798"]
[Site "Austria"]
[Date "1997.10.12"]
[Round "1"]
[White "Steiner, Guenter"]
[Black "Freitag, Manfred"]
[Result "0-1"]
[WhiteElo "2205"]
[BlackElo "2390"]

1.d4 Nf6 2.Bg5 c5 3.Bxf6 gxf6 4.d5 Qb6 5.Qc1 f5 6.g3 Bg7 7.c3 Qf6 8.Bg2 d6
9.e3 Nd7 10.Ne2 Ne5 11.Qc2 Bd7 12.Nd2 b5 13.Nf3 Rc8 14.Nxe5 dxe5 15.O-O h5
16.h4 Bh6 17.f4 e4 18.Rad1 Bg7 19.Rd2 Rh6 20.Kf2 Qb6 21.Bh3 Rd6 22.Rc1 c4
23.Qd1 Rc5 24.Nd4 Rcxd5 25.Qxh5 e5 26.fxe5 Bxe5 27.Rg1 Rh6 28.Qd1 Qf6 29.Ne2 Rd3
30.Nc1 Be6 31.Nxd3 cxd3 32.Qf1 Rxh4 33.gxh4 Qxh4+ 34.Kg2 f4 35.Kh1 fxe3 36.Rh2 e2
37.Rg8+ Ke7  0-1

[Event "Owens Corning"]
[Site "Wrexham"]
[Date "1997.10.15"]
[Round "2"]
[White "Kinsman, Andrew PH"]
[Black "Nielsen, Tommy"]
[Result "1-0"]
[WhiteElo "2395"]
[BlackElo "2225"]

1.d4 Nf6 2.Bg5 d5 3.e3 c6 4.Bxf6 exf6 5.c4 Bb4+ 6.Nc3 dxc4 7.Bxc4 O-O 8.Qc2 Nd7
9.Ne2 Qa5 10.O-O Nb6 11.Bd3 g6 12.a3 Be7 13.Nf4 Qg5 14.a4 a5 15.Qb3 Nd7 16.Bc4 f5
17.Rfd1 Bd6 18.Nce2 Qh6 19.d5 c5 20.h3 Ne5 21.Nd3 Nxc4 22.Qxc4 b6 23.Qb5 Rb8
24.Nc3 Qh4 25.Re1 Qd8 26.e4 Bd7 27.Qb3 fxe4 28.Nxe4 Bf5 29.Nxd6 Qxd6 30.Ne5 Bd7
31.Qf3 Kg7 32.b3 Bf5 33.g4 Bd7 34.Rad1 b5 35.Qc3 Kg8 36.axb5 Rxb5 37.Nc4 Qb8
38.Nxa5 Qf4 39.d6 h5 40.Qc4 Qxc4 41.Nxc4 Rxb3 42.Re7 Be6 43.Ne5 Rxh3 44.g5 Rd8
45.d7 Kf8 46.Rxe6 fxe6 47.Nxg6+ Kf7 48.Ne5+ Kg7 49.Rd6 Ra3 50.Rxe6 Ra7 51.Re7+  1-0

[Event "AUT-chT3 9798"]
[Site "Vorarlberg "]
[Date "1997.10.17"]
[Round "2"]
[White "Heinritz, Dietmar"]
[Black "Haemmerle, Albert"]
[Result "0-1"]
[WhiteElo "1790"]
[BlackElo "1780"]

1.d4 Nf6 2.Bg5 d5 3.Bxf6 exf6 4.e3 c5 5.Nc3 Be6 6.Nge2 Nc6 7.Nf4 cxd4 8.exd4 Bb4
9.Nxe6 fxe6 10.Qg4 Kf7 11.h4 Qe7 12.Rh3 Bd6 13.O-O-O f5 14.Qf3 Qf6 15.Nb5 Bb8
16.c3 a6 17.Na3 Bd6 18.Nc2 Rac8 19.Ne3 Ne7 20.Kb1 h5 21.c4 f4 22.Nc2 Qf5
23.Qb3 dxc4 24.Bxc4 b5 25.Bd3 Qg4 26.Be4 Qxd1+  0-1

[Event "BCF-chT 97/98 (4NCL)"]
[Site "GBR"]
[Date "1997.10.26"]
[Round "2"]
[White "Dishman, Stephen"]
[Black "James, Dale R"]
[Result "1-0"]
[WhiteElo "2325"]
[BlackElo "2225"]

1.d4 Nf6 2.Bg5 g6 3.Bxf6 exf6 4.e3 Bg7 5.g3 d6 6.Bg2 c6 7.c4 O-O 8.Nc3 Nd7
9.Nge2 f5 10.O-O Nf6 11.b4 Re8 12.Qd3 Qe7 13.d5 Ne4 14.dxc6 bxc6 15.Rad1 Nxc3
16.Nxc3 Bb7 17.Ne2 Red8 18.Nd4 Rac8 19.Nb3 Ba6 20.b5 cxb5 21.cxb5 Rc3 22.Qd5 Bc8
23.Na5 Qc7 24.Nc6 Be6 25.Qd2 Rd7 26.Rc1 Rc5 27.a4 Qb6 28.Qd3 h5 29.h4 Bf6
30.Rc2 Rxc2 31.Qxc2 Qc5 32.Qxc5 dxc5 33.Rc1 c4 34.a5 Bb2 35.Rc2 c3 36.Nd4 Ba2
37.Bc6 Rd8 38.b6 axb6 39.a6 Bb1 40.a7 Bxc2 41.Nxc2 b5 42.a8=Q Rxa8 43.Bxa8 Ba3
44.Kf1 Bd6 45.Ke2 b4 46.Bd5 Kf8 47.Kd3 Ke7 48.Bb3 f6 49.Kc4 g5 50.Nxb4 f4
51.exf4 gxf4 52.gxf4 Ke6 53.Bc2 Bxf4 54.Kxc3 Be5+ 55.Kc4 f5 56.Nd5 Bh2 57.Bd1 Ke5
58.Bxh5 Bg1 59.f4+  1-0

[Event "Andalucia-chT"]
[Site "Malaga"]
[Date "1997.11.02"]
[Round "2"]
[White "Castillo Gallego, Sergio"]
[Black "Bernabe Duran, Francisco"]
[Result "1/2-1/2"]
[WhiteElo "2170"]
[BlackElo "2205"]

1.d4 Nf6 2.Bg5 d5 3.c4 dxc4 4.Nc3 c5 5.dxc5 Qa5 6.e3 Ne4 7.Nf3 Bg4 8.Qd4 Bxf3
9.gxf3 Nxg5 10.Qd5 Nd7 11.Qxg5 e6 12.O-O-O Qxc5 13.Qxc5 Bxc5 14.Bxc4 O-O-O
15.Rhg1 Ne5 16.Be2 Rxd1+ 17.Kxd1 Rd8+ 18.Kc2 g6 19.f4 Nc6 20.a3 Kd7 21.Rd1+ Ke7
22.Rxd8 Nxd8 23.Kd3 f5 24.Bf3 Bd6 25.Nb5 Bb8 26.Kd4 g5 27.fxg5 Bxh2 28.Nxa7 Bg1
29.Bxb7 Bxf2 30.Nc6+ Nxc6+ 31.Bxc6 Kd6 32.Bb7 f4 33.Kd3 Bxe3 34.Be4 Bc1 35.Bxh7 Bxb2
36.a4 Kc5 37.Ke4 Kb4 38.Bg8 Kxa4 39.g6 Kb4 40.Bxe6 Kc5 41.Kxf4 Kd6 42.Kf5  1/2-1/2

[Event "AUT-chT 9798"]
[Site "Austria"]
[Date "1997.11.07"]
[Round "3"]
[White "Casagrande, Harald"]
[Black "Stanec, Nikolaus"]
[Result "0-1"]
[WhiteElo "2345"]
[BlackElo "2465"]

1.d4 Nf6 2.Bg5 d5 3.Bxf6 exf6 4.e3 c6 5.c4 dxc4 6.Bxc4 Bd6 7.Nc3 O-O 8.Nge2 f5
9.Qc2 Nd7 10.Ng3 g6 11.O-O Nf6 12.a3 Ng4 13.Be2 h5 14.Bxg4 hxg4 15.f4 gxf3
16.Rxf3 Be6 17.Raf1 Qh4 18.e4 fxe4 19.Ncxe4 Rad8 20.Nxd6 Qxd4+ 21.Kh1 Qxd6
22.Ne4 Qe5 23.Nf6+ Kg7 24.Qf2 Rh8 25.Rf4 Bf5 26.g4 Kxf6 27.gxf5 g5 28.Rg4 Rd3
29.Rg2 Qe3 30.Qc2 Rhd8 31.Qc4 Rd1  0-1

[Event "Budapest FS11 IM-B"]
[Site "Budapest"]
[Date "1997.11.12"]
[Round "11"]
[White "Shishkim, Va"]
[Black "Szeberenyi, Adam"]
[Result "0-1"]
[WhiteElo "2250"]
[BlackElo "2215"]

1.d4 Nf6 2.Bg5 d5 3.Nc3 Nbd7 4.Qd3 e6 5.e4 dxe4 6.Nxe4 Be7 7.Bxf6 Nxf6 8.O-O-O O-O
9.Nf3 b6 10.Nfg5 Nxe4 11.Nxe4 Bb7 12.Qe3 Qd5 13.Nc3 Qa5 14.Bc4 Rad8 15.f4 Bf6
16.Rd3 Qb4 17.Bb3 Bxd4 18.Qg3 Bxc3 19.Rxc3 c5 20.f5 exf5 21.Qc7 Bxg2 22.Re1 Qh4
23.Rce3 Be4 24.a4 Qf6 25.Qxa7 c4 26.Bxc4 Qd6 27.Qa6 Qd2+ 28.Kb1 Qxc2+ 29.Ka2 Ra8  0-1

[Event "CZE-chT 9798"]
[Site "CZE"]
[Date "1997.11.16"]
[Round "2"]
[White "Vavra, Pavel"]
[Black "Dydyshko, Viacheslav"]
[Result "1/2-1/2"]
[WhiteElo "2340"]
[BlackElo "2485"]

1.d4 Nf6 2.Bg5 d5 3.Nd2 Nbd7 4.e3 g6 5.Bd3 Bg7 6.f4 O-O 7.Qf3 c5 8.c3 b5
9.Ne2 Qb6 10.O-O b4 11.f5 Ba6 12.Bxa6 Qxa6 13.Nf4 e6 14.g4 Qd6 15.Qg3 Rae8
16.Bxf6 Bxf6 17.g5 Bd8 18.f6 e5 19.Nd3 Bc7 20.Qh4 exd4 21.Qh6 Qxh2+ 22.Qxh2 Bxh2+
23.Kxh2 dxc3 24.bxc3 bxc3 25.Nf3 Rxe3 26.Nf4 d4 27.Nd5 Re2+ 28.Kg3 Nb6 29.Ne7+ Kh8
30.Rh1 h5 31.Nh4 Rxe7 32.fxe7 Re8 33.Rae1 c2 34.Kf2 c4 35.Nf3 d3 36.Re4 c3
37.Ke3 d2 38.Nxd2 Nd5+ 39.Kd3 cxd2 40.Kxd2 Nxe7 41.Rhe1 Rd8+ 42.Kxc2 Ng8
43.Re8 Rd7 44.a4 Kg7 45.a5 h4 46.a6 Rd6 47.Ra1 h3 48.Ra8 Ne7 49.Rxa7 Nc6
50.Rb7 h2 51.a7 Rd8 52.Rf1 Kg8 53.Rh1 Ra8 54.Rxh2 Rxa7 55.Rxa7 Nxa7 56.Kd3 Nc6
57.Ke4 Nd8 58.Ke5 Kg7 59.Rg2 Ne6 60.Kd6 Nf8 61.Rg1  1/2-1/2

[Event "Bayern-chI Bank Hofmann"]
[Site "Bad Wiessee"]
[Date "1997.11.18"]
[Round "4"]
[White "Wachinger, Guenther"]
[Black "Henzner, Rainer"]
[Result "1-0"]
[WhiteElo "2250"]
[BlackElo "2215"]

1.d4 Nf6 2.Bg5 d5 3.Bxf6 exf6 4.e3 Bd6 5.Bd3 O-O 6.Nd2 g6 7.Qf3 c6 8.g4 Re8
9.O-O-O Nd7 10.Ne2 Nf8 11.h4 Be6 12.Nf4 Bxf4 13.exf4 Qd6 14.f5 Bd7 15.g5 Re7
16.Nf1 Rae8 17.Ne3 fxg5 18.hxg5 f6 19.Rdg1 fxg5 20.Rxg5 Qf6 21.Qg4 Rg7 22.Qh4 Qd6
23.Kb1 Qe7 24.Rhg1 h6 25.Qxh6 Rh7 26.Rxg6+ Nxg6 27.Qxg6+ Rg7 28.f6 Qxf6 29.Qh7+ Kf7
30.Rxg7+ Qxg7 31.Bg6+ Kf8 32.Qxg7+ Kxg7 33.Bxe8 Bxe8 34.Kc1 Kf6 35.Ng4+ Kg5
36.Ne5 Kf4 37.Kd2 c5 38.Kd3 Bb5+ 39.c4 dxc4+ 40.Nxc4 cxd4 41.Kxd4 Kf3 42.Kc5 Be8
43.Kd6 Kxf2 44.Na5 Ke3 45.Nxb7 Kd4 46.Na5 Kd3 47.Nc6 Kc2 48.b4 Bf7 49.Nxa7 Bxa2
50.Kc5 Kd3 51.Nc6 Be6 52.b5 Bc8 53.Nd8 Kc3 54.b6 Kb3 55.Kc6 Kb4 56.Ne6 Ka5
57.Kc7 Kb5 58.Nd4+ Ka5 59.Nf5 Ba6 60.Nd6 Kb4 61.Nc8 Kc4 62.Ne7 Kc5 63.Nc6 Bc8
64.Nb4 Kb5 65.Nd5 Ba6 66.Kb8 Kc5 67.Ka7  1-0

[Event "Bayern-chI Bank Hofmann"]
[Site "Bad Wiessee"]
[Date "1997.11.22"]
[Round "8"]
[White "Knapp, Michael"]
[Black "Ankerst, Milka"]
[Result "0-1"]
[WhiteElo "2145"]
[BlackElo "2170"]

1.d4 Nf6 2.Bg5 d5 3.Bxf6 gxf6 4.e3 Bf5 5.c4 c6 6.Nc3 e6 7.Qb3 Qb6 8.c5 Qc7
9.Nge2 e5 10.Ng3 Be6 11.Be2 Nd7 12.Qc2 exd4 13.exd4 Qf4 14.Qd3 f5 15.Bf3 Qg5
16.h4 Qg6 17.Nh5 Qh6 18.g3 Nf6 19.Nf4 Ne4 20.b4 Be7 21.Nce2 Bd7 22.Qe3 O-O
23.Nxd5 Qxe3 24.Nxe7+ Kg7 25.fxe3 Rae8 26.Bxe4 fxe4 27.Nxc6 bxc6 28.Kf2 Rb8
29.Rhb1 Be6 30.a3 Bc4 31.Nf4 Rfd8 32.Rc1 Be6 33.Rab1 Rb7 34.Rb2 a5 35.Rcb1 axb4
36.Rxb4 Rxb4 37.Rxb4 Ra8 38.a4 Bg4 39.Ne2 Bxe2 40.Kxe2 Kf6 41.g4 Ke6 42.Kf2 h5
43.gxh5 Kf5 44.Kg3 Rg8+ 45.Kh3 Rg1 46.Rb6 Re1 47.Rxc6 Rxe3+ 48.Kg2 Re2+ 49.Kf1 Rh2
50.Rb6 e3 51.d5 Ke4 52.Kg1 Rc2 53.Rb1 Rxc5 54.Rd1 e2 55.Rb1 Ke3 56.h6 Rxd5
57.h7 Rd1+ 58.Kg2 Rxb1 59.h8=Q e1=Q 60.Qe5+ Kd2  0-1

[Event "Bayern-chI Bank Hofmann"]
[Site "Bad Wiessee"]
[Date "1997.11.22"]
[Round "8"]
[White "Wachinger, Guenther"]
[Black "Beckmann, Klaus"]
[Result "1-0"]
[WhiteElo "2250"]
[BlackElo "2265"]

1.d4 Nf6 2.Bg5 d5 3.Bxf6 exf6 4.e3 c6 5.Bd3 Qb6 6.b3 g6 7.Nd2 Bg7 8.c4 O-O
9.Ngf3 Re8 10.O-O f5 11.Rc1 Be6 12.g3 Nd7 13.c5 Qd8 14.b4 a6 15.a4 Nf6 16.Qc2 Ne4
17.Ra1 Qe7 18.Ra3 Bd7 19.Rfa1 g5 20.b5 axb5 21.axb5 Rxa3 22.Rxa3 g4 23.bxc6 bxc6
24.Bxe4 dxe4 25.Ne1 Be6 26.Nc4 Bxc4 27.Qxc4 Qe6 28.Qxe6 fxe6 29.Ra6 Rc8 30.Nc2 e5
31.Kf1 exd4 32.Nxd4 Bxd4 33.exd4 Rd8 34.Rxc6 Rxd4 35.Rf6 Rd5 36.c6 Kg7 37.c7 Kxf6
38.c8=Q Rd3 39.Qh8+ Ke6 40.Qxh7 Rf3 41.Kg2 Ke5 42.Qa7 Kd5 43.Qa4 Ke5 44.Qc4 Kf6
45.h4 gxh3+ 46.Kxh3 Kg5 47.Qg8+ Kf6 48.Qd8+ Ke5 49.Kh4  1-0

[Event "BCF-chT 97/98 (4NCL)"]
[Site "GBR"]
[Date "1997.11.22"]
[Round "3"]
[White "Bates, Ruth"]
[Black "Buckley, Melanie"]
[Result "1/2-1/2"]
[WhiteElo "2060"]
[BlackElo "2010"]

1.d4 Nf6 2.Bg5 g6 3.Bxf6 exf6 4.e3 b6 5.Nd2 Ba6 6.Bxa6 Nxa6 7.c3 c6 8.Ne2 Bg7
9.e4 Nc7 10.Nf4 Ne6 11.Nd3 d5 12.Qa4 Qd7 13.f3 Rc8 14.exd5 cxd5 15.Qxd7+ Kxd7
16.Kf2 Bh6 17.Nb3 Rhe8 18.g3 Nc7 19.Rhe1 Rxe1 20.Rxe1 Re8 21.Rxe8 Nxe8 22.Nbc1 Nd6
23.Ne2 Nc4 24.f4 Nd6 25.Ke3 f5 26.Ng1 f6 27.Nf3 Bf8 28.Nd2 Ne4 29.Nf2 Kc6
30.Nd1 a5 31.a4 Be7 32.Nb1 b5 33.axb5+ Kxb5 34.Kd3 a4 35.Na3+ Bxa3  1/2-1/2